000 00769cam a22002533a 4500
001 12052
003 PGUSA
005 20140828083243.0
008 040401s2004||||xxu|||||s|||||000 | eng d
040 _aPGUSA
_beng
042 _adc
050 4 _aE300
100 1 _aSwisshelm, Jane Grey Cannon,
_d1815-1884
245 1 0 _aHalf a Century
_h[electronic resource] /
_cJane Grey Cannon Swisshelm
260 _bProject Gutenberg,
_c2004
506 _aPublic domain in the USA.
516 _aElectronic text
653 _aWomen's rights -- United States
653 _aSwisshelm, Jane Grey Cannon, 1815-1884
653 _aAntislavery movements -- United States
830 0 _aProject Gutenberg
_v12052
856 4 0 _uhttp://www.gutenberg.org/ebooks/12052
942 _cEB
999 _c241307
_d241307